Pen Name Authors - Sudden Death - Statistics

General Stats
  • This quiz has been taken 335 times
  • The average score is 6 of 16
Answers on the Grid
Answers color-coded by a green-red scale on the quiz's grid according to % correct below.
Agatha Christie
Anne Rice
Charles Dickens
Dr. Seuss
E.L. James
F. Scott Fitzgerald
Flann O'Brien
Franz Kafka
George Eliot
George Orwell
George R.R. Martin
George Sand
Gustave Flaubert
Harper Lee
Herman Melville
J. K. Rowling
James Joyce
Joseph Conrad
Khaled Hosseini
Lemony Snicket
Lewis Carroll
Mark Twain
O. Henry
Pablo Neruda
Stan Lee
Victor Hugo
Virginia Woolf
Voltaire
 
Answer Stats
Answer % Correct
Dr. Seuss
68%
George Eliot
59%
Mark Twain
59%
Lemony Snicket
53%
George Orwell
46%
George Sand
44%
Lewis Carroll
42%
Voltaire
42%
O. Henry
41%
E.L. James
32%
J. K. Rowling
26%
Anne Rice
25%
Flann O'Brien
21%
Joseph Conrad
21%
Stan Lee
17%
Pablo Neruda
7%
No matching quizzes found
Score Distribution
Percent of People with Each Score
Percentile by Number Answered
Your Score History
You have not taken this quiz